Pepe Hache: programa padres e hijos una alternativa de educación preescolar para la familia rural

Guardat en:
Dades bibliogràfiques
Autor principal: Cerri, Marianela (Autor)
Format: Llibre
Idioma:espanyol
Publicat: Santiago CIDE 1990
Matèries:
Etiquetes: Afegir etiqueta
Sense etiquetes, Sigues el primer a etiquetar aquest registre!

MARC

LEADER 00000nam a2200000 a 4500
001 UCW4809
003 CL-VaPUC
008 900821e19900000CL |||||||||||||||||spa|d
082 0 4 |a 372.21  |b CER  |2 21 
100 0 |a Cerri, Marianela  |e author  |9 494208 
245 1 0 |a Pepe Hache: programa padres e hijos una alternativa de educación preescolar para la familia rural 
300 |a 62 p 
942 |c BK 
945 |d 19900821 00:00:00 
260 |a Santiago  |b CIDE  |c 1990 
650 0 |a Educación preescolar  |9 260381 
650 7 |a EDUCACION FAMILIAR  |2 CL-VaPUC  |9 309569 
650 0 |a Educación rural   |9 308104 
583 |a last modification  |c 19900821 00:00:00  |k Rodrigo Vera 
999 |c 313967  |d 313965 
952 |0 0  |1 0  |4 0  |6 372_210000000000000_CER_1990  |7 0  |8 P  |9 385808  |a BIBEDU  |b BIBEDU  |c BIBEDU_PB  |d 2019-11-22  |i 2758091  |o 372.21 CER 1990  |p 2758091  |r 2024-01-25  |w 2019-11-22  |y BK  |k EDU